| 000 | 01050nam a2200253 a 4500 | ||
|---|---|---|---|
| 001 | 47425 | ||
| 003 | BD-RjUL | ||
| 005 | 20211209054318.0 | ||
| 008 | 160808s2003 bg ||||| b||| 00| 0 ben d | ||
| 020 |
_a8185471312 _c: Tk. 100.00 |
||
| 035 | _a(BD-RjUL)47544 | ||
| 040 |
_aBD-RjUL _beng _cBD-RjUL |
||
| 041 | _aeng | ||
| 082 |
_a398.2095414 _bCHL 2003 |
||
| 100 |
_aচক্রবর্তী, বরুণকুমার _9144235 |
||
| 245 | 1 | 0 |
_aলোক-বিশ্বাস ও লোক-সংস্কার / _cবরুণকুমার চক্রবর্তী |
| 250 | _a৪র্থ সং. | ||
| 260 |
_aকলকাতা : _bপুস্তক বিপণী, _c২০০৩ |
||
| 300 |
_a১৯৫ পৃ. ; _c১৯ সেমি. |
||
| 504 | _aগ্রন্থপঞ্জি সংযুক্ত | ||
| 650 |
_aবাংলা (দক্ষিণ এশিয়ার মানুষ) _xলোকাচারবিদ্যা _9144236 |
||
| 650 |
_aBengali (South Asian people) _xFolklore _9144237 |
||
| 942 |
_2ddc _cBK |
||
| 999 |
_c47425 _d47425 |
||